| 000 | 00656nam a22001937a 4500 | ||
|---|---|---|---|
| 005 | 20180829120556.0 | ||
| 010 | _aENG-123787 | ||
| 020 |
_a9789383316793 _c1395.00 |
||
| 035 | _aEN-107319 | ||
| 037 | _bDBAD/PUB | ||
| 082 | _a358.3482091823 | ||
| 100 | _aSareen, C.D. | ||
| 245 |
_aChemical weapons and nuclear non-proliferation implication for asia pacific / _cby C.D. Sareen |
||
| 260 |
_aDelhi _bGaurav Book Centre _c2017 |
||
| 270 |
_a4832/24, Prahlad Lane, S-207, Ansari Road, Daryaganj, _bDelhi _e110002 |
||
| 300 |
_a320p. _c22cm.(Hb) |
||
| 500 | _aIt includes bibliography and index | ||
| 942 |
_2ddc _cEN _h358.3482091823 _mSAR |
||
| 999 |
_c156546 _d156546 |
||